Online
Catalog

Green politics / (Record no. 14100)

MARC details
000 -CABECERA
campo de control de longitud fija 01290cam a2200349 a 4500
001 - NÚMERO DE CONTROL
campo de control 000014511
005 - FECHA Y HORA DE LA ÚLTIMA TRANSACCIÓN
campo de control 20200929163849.0
008 - DATOS DE LONGITUD FIJA--INFORMACIÓN GENERAL
campo de control de longitud fija 860205s1986 mx b 000 0 eng
010 ## - NÚMERO DE CONTROL DE LA BIBLIOTECA DEL CONGRESO
Número de control de LC 86070256
020 ## - NÚMERO INTERNACIONAL ESTÁNDAR DEL LIBRO
Número Internacional Estándar del Libro 0939680289 (pbk.) :
Condiciones de disponibilidad $8.95
040 ## - FUENTE DE LA CATALOGACIÓN
Centro catalogador/agencia de origen DO-SdBNP
Centro/agencia transcriptor DLC
Centro/agencia modificador DLC
050 00 - SIGNATURA TOPOGRÁFICA DE LA BIBLIOTECA DEL CONGRESO
Número de clasificación JN3971.A98
Número de documento/Ítem G7232 1986
082 ## - NÚMERO DE LA CLASIFICACIÓN DECIMAL DEWEY
Número de clasificación nnn
Número de documento/Ítem S768g
082 00 - NÚMERO DE LA CLASIFICACIÓN DECIMAL DEWEY
Número de clasificación 324.243/06
Número de edición 19
245 10 - MENCIÓN DE TÍTULO
Título Green politics /
Mención de responsabilidad, etc. revisión de edición, prólogo, Charlene Spretnak, Fritjof Capra; colaboración de Rudiger Lutz.
250 ## - MENCIÓN DE EDICIÓN
Mención de edición Rev. ed.
260 ## - PUBLICACIÓN, DISTRIBUCIÓN, ETC.
Lugar de publicación, distribución, etc. Santa Fé :
Nombre del editor, distribuidor, etc. Bear,
Fecha de publicación, distribución, etc. c1986.
300 ## - DESCRIPCIÓN FÍSICA
Extensión xxvi, 255 p. ;
Dimensiones 22 cm.
500 ## - NOTA GENERAL
Nota general Rev. ed. of: Green politics / Fritjof Capra and Charlene Spretnak.
504 ## - NOTA DE BIBLIOGRAFÍA, ETC.
Nota de bibliografía, etc. Incluye referencias bibliográficas
610 20 - PUNTO DE ACCESO ADICIONAL DE MATERIA--NOMBRE DE ENTIDAD CORPORATIVA
Nombre de entidad corporativa o nombre de jurisdicción como elemento de entrada Grunen (Political party)
9 (RLIN) 32771
650 #0 - PUNTO DE ACCESO ADICIONAL DE MATERIA--TÉRMINO DE MATERIA
Término de materia o nombre geográfico como elemento de entrada Human ecology
Subdivisión geográfica Germany (West{Rpara}
9 (RLIN) 32772
650 #0 - PUNTO DE ACCESO ADICIONAL DE MATERIA--TÉRMINO DE MATERIA
Término de materia o nombre geográfico como elemento de entrada Women's rights
Subdivisión geográfica Germany (West{Rpara}
9 (RLIN) 32773
650 #0 - PUNTO DE ACCESO ADICIONAL DE MATERIA--TÉRMINO DE MATERIA
Término de materia o nombre geográfico como elemento de entrada Human ecology
Subdivisión geográfica United States.
9 (RLIN) 32774
650 #0 - PUNTO DE ACCESO ADICIONAL DE MATERIA--TÉRMINO DE MATERIA
Término de materia o nombre geográfico como elemento de entrada Women's rights
Subdivisión geográfica United States.
9 (RLIN) 32775
650 #0 - PUNTO DE ACCESO ADICIONAL DE MATERIA--TÉRMINO DE MATERIA
Término de materia o nombre geográfico como elemento de entrada Peace.
9 (RLIN) 29405
650 #0 - PUNTO DE ACCESO ADICIONAL DE MATERIA--TÉRMINO DE MATERIA
Término de materia o nombre geográfico como elemento de entrada Green movement
Subdivisión geográfica Germany (West{Rpara}
9 (RLIN) 32776
700 1# - PUNTO DE ACCESO ADICIONAL--NOMBRE DE PERSONA
Nombre de persona Capra, Fritjof.
Término indicativo de función/relación ed.
9 (RLIN) 32777
700 1# - PUNTO DE ACCESO ADICIONAL--NOMBRE DE PERSONA
Nombre de persona Lutz, Wulf-Rudiger.
9 (RLIN) 32778
700 1# - PUNTO DE ACCESO ADICIONAL--NOMBRE DE PERSONA
Nombre de persona Capra, Fritjof.
Término indicativo de función/relación ed.
Título de la obra Green politics.
9 (RLIN) 32779
910 ## - DATOS DE OPCIÓN DEL USUARIO (OCLC)
Datos de opción del usuario Catalogación por copia / LC
Holdings
Estado de retiro Estado de pérdida Restricciones de uso No para préstamo Código de colección Localización permanente Ubicación/localización actual Ubicación en estantería Fecha de adquisición Número de inventario Total de préstamos Signatura topográfica completa Código de barras Fecha visto por última vez Precio válido a partir de Tipo de ítem Koha
      Excluido de préstamo Monografías: Libros y Folletos General General En catalogación 13.01.2010 LF1   nnn 324.243/06 S768g 14511-10 25.06.2020 25.06.2020 No se presta

Powered by Koha